000 00577nam a2200181Ia 4500
003 GCL
005 20240530103658.0
008 140319s9999 xx 000 0 ara d
040 _aGCL /
_cGCL
082 0 4 _a371.332
_bح د
100 1 _aحنان عبدالحميد العنانى
245 1 0 _aالدراما والمسرح فى تعليم الطفل (منهج وتطبيق) /
_cحنان عبدالحميد العنانى
300 _a227 ص
490 _aكتاب
_v0
650 0 4 _aالاطفال فى الفن
650 0 4 _aمسارح الاطفال
942 _2ddc
_cBK
999 _c41620
_d41620